000
00280nam a22001217a 4500
008
160503b xxu||||| |||| 00| 0 eng d
020
_a
9780201656800
020
_a
0201656809
041
_a
eng
080
_a
61
245
_a
Thermal Physics:
_c
Danel V. Schroeder;
942
_2
udc
_c
BK
999
_c
1731
_d
1731